Estudio de la logística en el eslabón final de la cadena de valor agroindustrial en la provincia de San Luis (Registro nro. 34653)
[ vista simple ]
| 000 -LEADER | |
|---|---|
| fixed length control field | 00459 a2200121 4500 |
| 001 - CONTROL NUMBER | |
| control field | ART_45083 |
| 005 - DATE AND TIME OF LATEST TRANSACTION | |
| control field | 20260410162038.0 |
| 008 - FIXED-LENGTH DATA ELEMENTS--GENERAL INFORMATION | |
| fixed length control field | 260409a |
| 100 1# - MAIN ENTRY--PERSONAL NAME | |
| Personal name | Núñez, Sonia C. |
| 245 10 - TITLE STATEMENT | |
| Title | Estudio de la logística en el eslabón final de la cadena de valor agroindustrial en la provincia de San Luis |
| 700 1# - ADDED ENTRY--PERSONAL NAME | |
| Personal name | Possetto, Mirta L. |
| 773 0# - HOST ITEM ENTRY | |
| Title | Revista de estudios regionales y mercado de trabajo |
| Related parts | - Nº 5 (ene./dic. 2009) |
| Record control number | REV44894 |
No hay ítems disponibles.